Poznań - quiz wielokrotnego wyboru - Statystyki

Ogólne statystyki
  • Ten quiz został rozwiązany 1 091 razy
    1 079 od ostatniego zresetowania
  • Średni wynik to 7 z 10
Statystyki odpowiedzi
Zagadnienie Odpowiedź % Poprawnych
Jaki klub piłkarski z Poznania wygrał 9-krotnie tytuł mistrza Polski? Lech
99%
Która z poniższych rzek przepływa przez Poznań? Warta
96%
Jak nazywa się słynna poznańska potrawa z ciasta drożdżowego i kruszonki? Rogal świętomarciński
90%
Czyim imieniem został nazwana uczelnia, na którą uczęszczała największa liczba studentów w 2015 r? (Według Wikipedii) Adama Mickiewicza
81%
Jak nazywa się osiedle Poznania, w którym znajduje się jedyny międzynarodowy port lotniczy w mieście? Ławica
80%
Która z poniższych rzeczy, znajdująca się w Poznaniu, jest najstarsza w Polsce? Katedra
71%
Jak nazywa się jedyna pozostała z licznych niegdyś w Poznaniu wysp na głównej rzece? Ostrów Tumski
67%
Jakie osiedle Poznania jest znane z Międzynarodowych Targów Poznańskich? Łazarz
65%
Który z poniższych władców Polski został pochowany w Poznaniu? Bolesław I Chrobry
56%
Jaka jest honorowa nazwa dla Poznania? Stołeczne Miasto
15%
Nie znaleziono quizów pasujących do podanych kryteriów
Rozkład punktacji
Procent ludzi z każdym wynikiem
Percentyl według liczby udzielonych odpowiedzi
Twoja historia wyników
Nie rozwiązałeś tego quizu od ostatniego zresetowania